| 000 | 00884nam a22002417a 4500 | ||
|---|---|---|---|
| 001 | 52408 | ||
| 003 | BD-RjUL | ||
| 005 | 20211209075812.0 | ||
| 008 | 160920s1974 bg ||||| |||| 00| 0 ben d | ||
| 020 | _a: TK 12.00 | ||
| 035 | _a(BD-RjUL)52528 | ||
| 040 |
_aBD-RjUL _bben _cBD-RjUL |
||
| 041 | _aben | ||
| 082 |
_223 _a813 _bHET 1974 |
||
| 100 |
_aহেমিংওয়ে, আর্নেস্ট _9126425 |
||
| 245 | 1 | 0 |
_aতবুও সূর্য ওঠে / _cআর্নেস্ট হেমিংওয়ে |
| 260 |
_aঢাকা : _bমাওলা ব্রাদার্স, _c১৯৭৪ |
||
| 300 |
_a৩৩৩ পৃ. ; _c২১ সেমি. |
||
| 650 |
_aআমেরিকান উপন্যাস _9156789 |
||
| 650 |
_aAmerican Fiction _9156790 |
||
| 700 |
_aফজল, আবুল, অনুবাদ _9156791 |
||
| 942 |
_2ddc _cBK |
||
| 999 |
_c52408 _d52408 |
||